| 000 | 00396nam a2200157Ia 4500 | ||
|---|---|---|---|
| 008 | 260407s2026 xx 000 0 und d | ||
| 041 | _aeng | ||
| 082 |
_a428.24/SAG _b12243 |
||
| 100 | _aK.SAGAR | ||
| 245 | _aSPARADHA PARIKHSHA SAPURNAENGLISH VYAKARAN V SHABHDHASARGHA | ||
| 250 | _a44TH | ||
| 260 |
_aPUNE _bK.SAGAR PUB HOUSE |
||
| 300 | _a304p | ||
| 650 | _aGENERAL | ||
| 650 | _aGENERAL | ||
| 999 |
_c1219735 _d1219735 |
||